000 00662nam a2200217Ia 4500
005 20250508160848.0
008 008 250505s9999 xx 000 0 eng d
037 _aTextual
040 _aFEDL
_beng
_cFEDL
041 _aeng
_2eng
084 _a370.973, ALI
_qFEDL
100 _aAlioto Robert F
_9769583
245 0 _aOperational PPBS for education : A practical approach to effective decision making
260 _aNew York, USA
_bHarper and Row
_c1971
300 _ax,325p.
490 _aSeries in administration
650 _aEducation
700 _a Jungherr J A
_9769584
942 _cTEXL
_h370.973, ALI
999 _c1367050
_d1367050